Arabic historical thought in the classical period

Tarif Khalidi examines how Arabic-Islamic culture of the pre-modern period viewed the past, how it recorded it, and how it sought to answer the many complex questions associated with the discipline of history. The author combines a chronological with a topical approach to place the tradition within...

Cijeli opis

Spremljeno u:
Bibliografski detalji
Glavni autor: Khalidi, Tarif
Format: Knjiga
Jezik:Undetermined
Izdano: Cambridge [England] Cambridge University Press 1994
Teme:
Oznake: Dodaj oznaku
Bez oznaka, Budi prvi tko označuje ovaj zapis!
Thư viện lưu trữ: Trung tâm Học liệu Trường Đại học Cần Thơ
LEADER 01192nam a2200217Ia 4500
001 CTU_167043
008 210402s9999 xx 000 0 und d
020 |c 104 
082 |a 909.097671 
082 |b K45 
100 |a Khalidi, Tarif 
245 0 |a Arabic historical thought in the classical period 
245 0 |c Tarif Khalidi 
260 |a Cambridge [England] 
260 |b Cambridge University Press 
260 |c 1994 
520 |a Tarif Khalidi examines how Arabic-Islamic culture of the pre-modern period viewed the past, how it recorded it, and how it sought to answer the many complex questions associated with the discipline of history. The author combines a chronological with a topical approach to place the tradition within its wider intellectual context and socio-political environment, while quotations from historians across the period introduce the English-speaking reader to some of the principal intellectual texts of Arabic Islamic culture. 
650 |a Islamic Empire,Historiography,Đế chế Hồi giáo 
650 |x Historiography,Islamic Empire,Sử ký 
904 |i Đình Thư, Trúc 
980 |a Trung tâm Học liệu Trường Đại học Cần Thơ